[Event "Ljubljana-chT 72nd 1st League"]
[Site "Ljubljana"]
[Date "2019.01.17"]
[Round "2.2"]
[White "Abe, Aljaz"]
[Black "Mihelic, Vesna"]
[Result "1/2-1/2"]
[WhiteElo "1723"]
[BlackElo "1742"]
[PlyCount "116"]
[EventDate "2019.01.10"]
[EventType "team-tourn"]
[EventRounds "9"]
[EventCountry "SLO"]
[SourceTitle "EXT 2024"]
[Source "ChessBase"]
[SourceDate "2023.10.10"]
[SourceVersion "1"]
[SourceVersionDate "2023.10.10"]
[SourceQuality "1"]
[WhiteTeam "Trzin Pekos Pub"]
[BlackTeam "Menges Trzin II"]
[WhiteTeamCountry "SLO"]
[BlackTeamCountry "SLO"]

1. b3 d5 2. Bb2 c5 3. Nf3 Nc6 4. e3 Nf6 5. Bb5 Bd7 6. 0-0 e6 7. Bxc6 Bxc6 8. Ne5 Bd6 9. f4 0-0 10. d3 Nd7 11. Nxc6 bxc6 12. e4 f5 13. Nd2 Rb8 14. Qe2 Qe7 15. e5 Bc7 16. Qf3 Ba5 17. Rad1 Nb6 18. c4 Rfd8 19. Nb1 Qc7 20. Bc3 Nd7 21. g4 Rf8 22. Rf2 Kh8 23. Rg2 g6 24. g5 Kg7 25. h4 Rh8 26. h5 Bxc3 27. Nxc3 Nb6 28. Rgd2 a6 29. Ne2 a5 30. d4 Nd7 31. Qf2 Qb6 32. Nc3 cxd4 33. Na4 Qb4 34. Rxd4 c5 35. R4d3 d4 36. Qf3 Qb7 37. Qxb7 Rxb7 38. h6+ Kf7 39. Nc3 Nxe5 40. fxe5 dxc3 41. Rxc3 Ra8 42. Rcd3 Ke7 43. Rd6 a4 44. bxa4 Raa7 45. a5 Rb4 46. Rd8 Rxc4 47. Rh8 Rxa5 48. Rxh7+ Ke8 49. Rhd7 Rg4+ 50. Kf1 Rf4+ 51. Ke2 Rxa2+ 52. Ke3 Re4+ 53. Kf3 Ra3+ 54. Kf2 Rf4+ 55. Kg2 Rg4+ 56. Kf1 Rf4+ 57. Ke2 Re4+ 58. Kf2 Rf4+ 1/2-1/2

[Event "Ljubljana-chT 70th"]
[Site "Ljubljana"]
[Date "2017.03.23"]
[Round "9.3"]
[White "Jelen, Miha"]
[Black "Abe, Aljaz"]
[Result "1/2-1/2"]
[WhiteElo "1909"]
[BlackElo "1733"]
[PlyCount "131"]
[EventDate "2017.01.12"]
[EventType "team-tourn"]
[EventRounds "9"]
[EventCountry "SLO"]
[SourceTitle "EXT 2019"]
[Source "ChessBase"]
[SourceDate "2018.10.10"]
[SourceVersion "1"]
[SourceVersionDate "2018.10.10"]
[SourceQuality "1"]
[WhiteTeam "Ig"]
[BlackTeam "Loka Pri Mengsu"]
[WhiteTeamCountry "SLO"]
[BlackTeamCountry "SLO"]

1. e4 e6 2. d4 d5 3. exd5 exd5 4. c4 Nf6 5. Be2 dxc4 6. Bxc4 Bd6 7. Nf3 0-0 8. 0-0 Bg4 9. Nc3 Nc6 10. d5 Ne5 11. Be2 Qd7 12. h3 Nxf3+ 13. Bxf3 Bxh3 14. Bg5 Qf5 15. Bxf6 Qf4 16. g3 Qxf6 17. Re1 Rfe8 18. Qd3 Bf5 19. Qb5 Kf8 20. Qxb7 Bd7 21. Rxe8+ Rxe8 22. Bg2 Bc5 23. Rf1 Bb6 24. d6 Qxd6 25. Rd1 Qe6 26. Qd5 Qxd5 27. Bxd5 Bg4 28. Rd3 Rd8 29. Kg2 c6 30. Be4 Rxd3 31. Bxd3 Be6 32. Be4 Bd7 33. Kf3 Bd4 34. Ke2 f5 35. Bc2 Be6 36. a3 g6 37. Ba4 Bd7 38. f3 Ke7 39. Kd3 Bf2 40. Ne2 c5 41. Bb3 Bb5+ 42. Bc4 Bc6 43. f4 Bf3 44. Nc3 Bxg3 45. Ke3 Bc6 46. Nb5 a5 47. Nc3 Kd6 48. Nb5+ Bxb5 49. Bxb5 h6 50. Kf3 Bh4 51. Bc4 Ke7 52. a4 Bf6 53. b3 g5 54. Bd3 Ke6 55. Bc4+ Kd6 56. Bd3 gxf4 57. Kxf4 Bg5+ 58. Kxf5 Kd5 59. Bc4+ Kd4 60. Kg6 Ke4 61. Kh5 Kf4 62. Bd5 Ke5 63. Bc4 Kd4 64. Bf7 Ke5 65. Bc4 Kf4 66. Bd5 1/2-1/2

[Event "Ljubljana-chT 70th"]
[Site "Ljubljana"]
[Date "2017.01.26"]
[Round "3.3"]
[White "Abe, Aljaz"]
[Black "Praznik, Anton"]
[Result "0-1"]
[WhiteElo "1733"]
[BlackElo "2137"]
[PlyCount "37"]
[EventDate "2017.01.12"]
[EventType "team-tourn"]
[EventRounds "9"]
[EventCountry "SLO"]
[SourceTitle "EXT 2019"]
[Source "ChessBase"]
[SourceDate "2018.10.10"]
[SourceVersion "1"]
[SourceVersionDate "2018.10.10"]
[SourceQuality "1"]
[WhiteTeam "Loka Pri Mengsu"]
[BlackTeam "Vrhnika"]
[WhiteTeamCountry "SLO"]
[BlackTeamCountry "SLO"]

1. e4 d6 2. Nc3 g6 3. Nf3 Bg7 4. d4 Nf6 5. Bc4 0-0 6. 0-0 Nc6 7. h3 Nxe4 8. Bxf7+ Rxf7 9. Nxe4 d5 10. Neg5 Rf5 11. g4 Rf8 12. Re1 Qd6 13. c4 dxc4 14. d5 Nb4 15. Qe2 Nd3 16. Rd1 Qxd5 17. Qxe7 Bd7 18. Nxh7 Qxf3 19. Rf1 0-1

[Event "Ljubljana-chT 67th"]
[Site "Gostovanja"]
[Date "2014.03.27"]
[Round "9.3"]
[White "Abe, Aljaz"]
[Black "Cijan, Alojz"]
[Result "0-1"]
[WhiteElo "1780"]
[BlackElo "1690"]
[PlyCount "76"]
[EventDate "2014.01.09"]
[EventType "team-tourn"]
[EventRounds "9"]
[EventCountry "SLO"]
[SourceTitle "EXT 2015"]
[Source "ChessBase"]
[SourceDate "2014.11.20"]
[SourceVersion "1"]
[SourceVersionDate "2014.11.20"]
[SourceQuality "1"]
[WhiteTeam "Loka Pri Mengsu"]
[BlackTeam "Crni Graben"]
[WhiteTeamCountry "SLO"]
[BlackTeamCountry "SLO"]

1. e4 e6 2. Nc3 c6 3. d4 g6 4. Nf3 Bg7 5. Bf4 d6 6. Bc4 h6 7. h4 Ne7 8. Qd2 b5 9. Bb3 a5 10. a3 Bb7 11. Rd1 d5 12. 0-0 Qb6 13. Rfe1 Nd7 14. exd5 cxd5 15. Qe2 b4 16. Na4 Qa6 17. Qd2 bxa3 18. bxa3 Qc6 19. Re3 Ba6 20. Rc3 Qb5 21. Nc5 Nxc5 22. Rxc5 Qb6 23. Bc7 Qb7 24. Ba4+ Kf8 25. Bd7 Kg8 26. Qf4 Be2 27. Re1 Bc4 28. Ne5 Rf8 29. Nxf7 Kh7 30. Bxe6 Qb2 31. Qd2 Qxd4 32. Qxd4 Bxd4 33. Rxa5 Bc3 34. Nxh8 Bxe1 35. Ra7 Bxf2+ 36. Kh2 Bxa7 37. Nf7 Bb8 38. Bxb8 Rxb8 0-1

[Event "Ljubljana-chT 67th"]
[Site "Gostovanja"]
[Date "2014.03.20"]
[Round "8.3"]
[White "Kojek, Zala"]
[Black "Abe, Aljaz"]
[Result "1-0"]
[WhiteElo "1366"]
[BlackElo "1780"]
[PlyCount "169"]
[EventDate "2014.01.09"]
[EventType "team-tourn"]
[EventRounds "9"]
[EventCountry "SLO"]
[SourceTitle "EXT 2015"]
[Source "ChessBase"]
[SourceDate "2014.11.20"]
[SourceVersion "1"]
[SourceVersionDate "2014.11.20"]
[SourceQuality "1"]
[WhiteTeam "Kocevje"]
[BlackTeam "Loka Pri Mengsu"]
[WhiteTeamCountry "SLO"]
[BlackTeamCountry "SLO"]

1. d4 e6 2. Nf3 c5 3. c4 Nf6 4. Nc3 b6 5. g3 Bb7 6. Bg2 cxd4 7. Qxd4 Bc5 8. Qd3 0-0 9. 0-0 Nc6 10. a3 a5 11. b3 Ne7 12. Bg5 Ng6 13. Rfd1 h6 14. Bxf6 Qxf6 15. Nb5 d5 16. cxd5 Bxd5 17. e4 Bc6 18. Qc4 Rad8 19. b4 Bxb5 20. Qxb5 axb4 21. axb4 Bd4 22. Nxd4 Rxd4 23. Qxb6 Rfd8 24. Rxd4 Rxd4 25. Ra8+ Kh7 26. Qb8 Ne5 27. Ra3 Rd1+ 28. Bf1 Nf3+ 29. Kg2 Ne1+ 30. Kh3 g5 31. Qb5 g4+ 32. Kxg4 Rd4 33. Re3 Qxf2 34. Qe2 f5+ 35. Kh3 Qxe2 36. Rxe2 Nd3 37. exf5 exf5 38. b5 Nc5 39. Re5 Ne4 40. Rxf5 Kg6 41. Rf4 Ng5+ 42. Kg4 h5+ 43. Kh4 Nf3+ 44. Kh3 Ng5+ 45. Kg2 Rd2+ 46. Rf2 Rd5 47. Rb2 Rd8 48. b6 Rb8 49. Rb5 Nf7 50. Bd3+ Kf6 51. Be2 Nd6 52. Rb4 Rb7 53. Bf3 Rb8 54. Bxh5 Ke6 55. Bf3 Nc8 56. Bg4+ Kd6 57. Bxc8 Rxc8 58. b7 Rb8 59. Kf3 Ke5 60. h4 Rf8+ 61. Kg2 Rb8 62. g4 Kf6 63. Kg3 Kg6 64. Rb6+ Kh7 65. h5 Kg7 66. g5 Kh7 67. Kg4 Kg7 68. h6+ Kh7 69. Kh5 Kg8 70. g6 Kf8 71. Kg5 Kg8 72. Kf6 Kh8 73. g7+ Kg8 74. Kg5 Kh7 75. Kf6 Kg8 76. Rb2 Kh7 77. Kf7 Rf8+ 78. Kxf8 Kg6 79. g8Q+ Kf6 80. Rb6+ Ke5 81. Qg5+ Kd4 82. Rb4+ Kc3 83. Rh4 Kd3 84. Qg3+ Ke2 85. Rh2+ 1-0

[Event "SLO-chT 1st League Central"]
[Site "Ljubljana"]
[Date "2012.09.27"]
[Round "4.3"]
[White "Simicak, Metod"]
[Black "Abe, Aljaz"]
[Result "1-0"]
[WhiteElo "1935"]
[BlackElo "1635"]
[PlyCount "35"]
[EventDate "2012.09.06"]
[EventType "team-swiss"]
[EventRounds "9"]
[EventCountry "SLO"]
[SourceTitle "EXT 2019"]
[Source "ChessBase"]
[SourceDate "2018.10.10"]
[SourceVersion "1"]
[SourceVersionDate "2018.10.10"]
[SourceQuality "1"]
[WhiteTeam "Barob Smarca"]
[BlackTeam "Loka Pri Mengsu"]
[WhiteTeamCountry "SLO"]
[BlackTeamCountry "SLO"]

1. e4 e6 2. Nc3 d5 3. exd5 exd5 4. d4 Nf6 5. Bg5 Be7 6. Qf3 c6 7. h3 Qb6 8. 0-0-0 Be6 9. Nge2 Na6 10. Nf4 Nc7 11. Nh5 Nxh5 12. Bxe7 Kxe7 13. Qxh5 Ne8 14. f4 Nd6 15. g4 g6 16. Qe5 f6 17. Qe3 Kd7 18. Na4 1-0

[Event "SLO-chT 1st League Central"]
[Site "Ljubljana"]
[Date "2012.09.23"]
[Round "3.3"]
[White "Abe, Aljaz"]
[Black "Kveder, Bozidar"]
[Result "1-0"]
[WhiteElo "1635"]
[BlackElo "1654"]
[PlyCount "29"]
[EventDate "2012.09.06"]
[EventType "team-swiss"]
[EventRounds "9"]
[EventCountry "SLO"]
[SourceTitle "EXT 2019"]
[Source "ChessBase"]
[SourceDate "2018.10.10"]
[SourceVersion "1"]
[SourceVersionDate "2018.10.10"]
[SourceQuality "1"]
[WhiteTeam "Loka Pri Mengsu"]
[BlackTeam "Bor Dob"]
[WhiteTeamCountry "SLO"]
[BlackTeamCountry "SLO"]

1. e4 e5 2. Nf3 Nc6 3. c3 d5 4. Bb5 Bg4 5. Qa4 Qd6 6. exd5 Qxd5 7. Bxc6+ bxc6 8. Qxg4 Nh6 9. Qa4 Bd6 10. 0-0 0-0 11. d3 Nf5 12. Qe4 Qe6 13. Ng5 Qf6 14. g4 Nh4 15. Qxh7# 1-0

[Event "SLO-chT Central 2nd League"]
[Site "Slovenia"]
[Date "2010.11.18"]
[Round "9.3"]
[White "Abe, Aljaz"]
[Black "Jeglic, Uros"]
[Result "1-0"]
[WhiteElo "1656"]
[BlackElo "1547"]
[PlyCount "101"]
[EventDate "2010.09.09"]
[EventType "team-tourn"]
[EventRounds "9"]
[EventCountry "SLO"]
[SourceTitle "EXT 2022"]
[Source "ChessBase"]
[SourceDate "2021.10.06"]
[SourceVersion "1"]
[SourceVersionDate "2021.10.06"]
[SourceQuality "1"]
[WhiteTeam "Loka pri Mengsu"]
[BlackTeam "Menges Trzin"]
[WhiteTeamCountry "SLO"]
[BlackTeamCountry "SLO"]

1. e4 c5 2. Nf3 Nc6 3. d4 cxd4 4. Nxd4 Nf6 5. Nc3 e5 6. Nb3 Bb4 7. Bd3 0-0 8. 0-0 Bxc3 9. bxc3 d5 10. f3 dxe4 11. fxe4 Bg4 12. Qe1 b5 13. Bg5 Qb6+ 14. Be3 Qc7 15. Qg3 Kh8 16. Qh4 Be6 17. Rxf6 Ne7 18. Rff1 Ng6 19. Qf2 a6 20. Nc5 Bc8 21. Rab1 Qa5 22. Bd2 Qd8 23. Be3 Bg4 24. Be2 Be6 25. Nxe6 fxe6 26. Qe1 Qc7 27. Qd2 Rad8 28. Rxf8+ Nxf8 29. Bd3 Ng6 30. a4 bxa4 31. Bb6 Qb7 32. Qe1 Re8 33. Qf2 Nf4 34. Qc5 Qf7 35. Qe3 Qg6 36. Qg3 Qh5 37. Be3 g5 38. Bxf4 gxf4 39. Qf3 Qg6 40. Bxa6 Ra8 41. Qe2 Rf8 42. Qf3 Ra8 43. Bc4 a3 44. Ra1 Qg7 45. Bxe6 Qe7 46. Qg4 Qc5+ 47. Kh1 Qxc3 48. Rg1 a2 49. Qf5 Qc7 50. Bxa2 Rxa2 51. Qf8# 1-0

[Event "SLO-chT Central 2nd League"]
[Site "Slovenia"]
[Date "2010.10.07"]
[Round "4.3"]
[White "Semeja, Mirko"]
[Black "Abe, Aljaz"]
[Result "1-0"]
[WhiteElo "1678"]
[BlackElo "1656"]
[PlyCount "63"]
[EventDate "2010.09.09"]
[EventType "team-tourn"]
[EventRounds "9"]
[EventCountry "SLO"]
[SourceTitle "EXT 2022"]
[Source "ChessBase"]
[SourceDate "2021.10.06"]
[SourceVersion "1"]
[SourceVersionDate "2021.10.06"]
[SourceQuality "1"]
[WhiteTeam "Duplica Balin"]
[BlackTeam "Loka pri Mengsu"]
[WhiteTeamCountry "SLO"]
[BlackTeamCountry "SLO"]

1. e4 e6 2. d4 d5 3. exd5 exd5 4. Nf3 Nf6 5. Bd3 Bd6 6. 0-0 0-0 7. c3 Bg4 8. Nbd2 Nbd7 9. Qc2 c6 10. Bf5 Qc7 11. Bxg4 Nxg4 12. h3 Ngf6 13. b3 Rfe8 14. Bb2 Ne4 15. Nxe4 dxe4 16. Nd2 f5 17. Rae1 Nf6 18. Nc4 Nd5 19. Bc1 Re6 20. a3 Rae8 21. Nxd6 Qxd6 22. c4 Nf6 23. Rd1 Rc8 24. Qc3 h6 25. Qa5 f4 26. Qf5 f3 27. gxf3 exf3 28. Bf4 Qe7 29. d5 Re2 30. Qxc8+ Ne8 31. d6 Qh4 32. Qg4 1-0

[Event "Ljubljana"]
[Site "Ljubljana"]
[Date "2010.05.11"]
[Round "2"]
[White "Hribar, Andrej"]
[Black "Abe, Aljaz"]
[Result "1-0"]
[WhiteElo "1717"]
[BlackElo "1553"]
[PlyCount "71"]
[EventDate "2010.05.05"]
[EventType "tourn"]
[EventRounds "11"]
[EventCountry "SLO"]
[SourceTitle "EXT 2012"]
[Source "ChessBase"]
[SourceDate "2011.11.24"]
[SourceVersion "1"]
[SourceVersionDate "2011.11.24"]
[SourceQuality "1"]

1. d4 e6 2. c4 d5 3. e3 Nf6 4. Bd3 Be7 5. Ne2 0-0 6. 0-0 b6 7. a3 c5 8. b3 Bb7 9. Bb2 Nbd7 10. Nd2 Qc7 11. cxd5 exd5 12. Rc1 Bd6 13. h3 Qd8 14. Nc3 a6 15. dxc5 bxc5 16. e4 d4 17. Na4 Ne5 18. Bb1 Nfd7 19. f4 Ng6 20. e5 Be7 21. Qe2 Bc6 22. Bd3 Bxa4 23. bxa4 Nb6 24. f5 Nh8 25. Qh5 Bg5 26. f6 Be3+ 27. Rf2 Ng6 28. Ne4 Nf4 29. Qd1 Nxa4 30. Rcc2 Nxb2 31. Rxb2 Bxf2+ 32. Rxf2 Nxd3 33. Qxd3 g6 34. Qd2 Rb8 35. Qh6 Rb1+ 36. Kh2 1-0

[Event "Ljubljana-chT 63rd 2nd League"]
[Site "Ljubljana"]
[Date "2010.03.04"]
[Round "7.3"]
[White "Rosic, Hasan"]
[Black "Abe, Aljaz"]
[Result "1/2-1/2"]
[WhiteElo "1566"]
[BlackElo "1553"]
[PlyCount "83"]
[EventDate "2010.01.07"]
[EventType "team-tourn"]
[EventRounds "9"]
[EventCountry "SLO"]
[SourceTitle "EXT 2022"]
[Source "ChessBase"]
[SourceDate "2021.10.06"]
[SourceVersion "1"]
[SourceVersionDate "2021.10.06"]
[SourceQuality "1"]
[WhiteTeam "Bor Dob"]
[BlackTeam "Loka pri Mengsu"]
[WhiteTeamCountry "SLO"]
[BlackTeamCountry "SLO"]

1. e4 e6 2. Nf3 d5 3. exd5 exd5 4. d4 Bd6 5. Bg5 f6 6. Bh4 Bg4 7. h3 Bh5 8. Qd3 Nc6 9. c3 Nge7 10. Nbd2 0-0 11. Be2 a6 12. Qc2 Bg6 13. Bd3 Re8 14. 0-0 Bxd3 15. Qxd3 Ng6 16. Rfe1 Nf4 17. Qf1 Qd7 18. Bg3 Rxe1 19. Rxe1 Re8 20. Rxe8+ Qxe8 21. Bxf4 Bxf4 22. g3 Bxd2 23. Nxd2 Qg6 24. Qe2 Qf7 25. b3 Kf8 26. Nf1 Na7 27. c4 Nc6 28. cxd5 Qxd5 29. Qd3 Nxd4 30. Nh2 g6 31. f3 c5 32. Kg2 Qe5 33. Qe4 Qxe4 34. fxe4 Ne2 35. Kf3 Nc1 36. Nf1 Nxa2 37. Nd2 Nc1 38. Ke3 b5 39. e5 Ke7 40. exf6+ Kxf6 41. g4 a5 42. Ne4+ 1/2-1/2

[Event "Ljubljana-chT 62nd 1st League"]
[Site "Ljubljana"]
[Date "2009.02.12"]
[Round "6.3"]
[White "Abe, Aljaz"]
[Black "Bajec, Borut"]
[Result "0-1"]
[WhiteElo "1618"]
[BlackElo "1761"]
[PlyCount "64"]
[EventDate "2009.01.08"]
[EventType "team-tourn"]
[EventRounds "9"]
[EventCountry "SLO"]
[SourceTitle "EXT 2022"]
[Source "ChessBase"]
[SourceDate "2021.10.06"]
[SourceVersion "1"]
[SourceVersionDate "2021.10.06"]
[SourceQuality "1"]
[WhiteTeam "Loka pri Mengsu"]
[BlackTeam "Trzin Buscotrade"]
[WhiteTeamCountry "SLO"]
[BlackTeamCountry "SLO"]

1. c4 c5 2. Nc3 Nc6 3. g3 g6 4. d3 Bg7 5. Bd2 Nf6 6. Bg2 0-0 7. Nf3 d5 8. 0-0 b6 9. a3 Bb7 10. Qc2 dxc4 11. dxc4 Nd4 12. Nxd4 Bxg2 13. Kxg2 cxd4 14. Ne4 Rc8 15. Nxf6+ Bxf6 16. Rac1 Qd7 17. Rfd1 Qc6+ 18. f3 e5 19. e3 Rfe8 20. exd4 exd4 21. Re1 Re6 22. Bh6 Rce8 23. Rxe6 Qxe6 24. Rf1 Bg7 25. Bf4 h6 26. h4 Qf6 27. Kf2 d3 28. Qxd3 Qxb2+ 29. Bd2 Bd4+ 30. Kg2 Re3 31. Qb1 Qxd2+ 32. Kh3 Re2 0-1